<?xml version="1.0" encoding="UTF-8"?>
<collection xmlns:xsi="http://www.w3.org/2001/XMLSchema-instance" xsi:schemaLocation="http://www.loc.gov/MARC21/slim http://www.loc.gov/standards/marcxml/schema/MARC21slim.xsd" xmlns="http://www.loc.gov/MARC21/slim">
 <record>
  <leader>00000cab a22000004cb4500</leader>
  <controlfield tag="001">IPP-00000658622</controlfield>
  <controlfield tag="003">IPP</controlfield>
  <controlfield tag="005">20240131103032.0</controlfield>
  <controlfield tag="008">240131s2023    xx     d | ||r |||||eng||</controlfield>
  <datafield tag="041" ind1="#" ind2="#">
   <subfield code="a">eng</subfield>
  </datafield>
  <datafield tag="100" ind1="1" ind2="#">
   <subfield code="a">Dela Peña, Eden May B.</subfield>
  </datafield>
  <datafield tag="245" ind1="1" ind2="0">
   <subfield code="a">Nickel electrodeposition using deep eutetectic solvent-based electrolyte</subfield>
  </datafield>
  <datafield tag="264" ind1="#" ind2="1">
   <subfield code="c">2023</subfield>
  </datafield>
  <datafield tag="520" ind1="#" ind2="#">
   <subfield code="a">While nickel (Ni) electroplating has been successfully performed using ionic liquids in the past, few have reported on the trench-filling characteristics of this process useful for electroforming Ni. This study aimed to deposit and characterize the electrodeposited nickel using an enthaline-based ૦-plating bath with and without enthlenediamine (en). The conductivity of the plating bath was improved, whereas viscosity was slightly reduced upon the addition of en. Cyclic and linear nsweep voltammetry revealed that en acted as a suppressor, significantly reducing the bath’s plating rate. The Hull cell used to determine the optimum operating current density for each bath. The additive-bearing bath produced more compact deposits, better deposit grain morphology, and improved trench-filling(&gt; 95% filling) characteristics compared to its additive-free counterpart. The enhanced super-filling characteristics acceleration (CEAC) model. SEM analysis showed thatb the deposits possessed a particulate or nodular structure, whereas EDS confirmed the presence ofNI in deposit. The Ni deposited using the bath without additives had larger particulate grains than thise using the additive-bearing bath. Higher Ni amounts were obtained in the additive-laden bath. The use the additives is a promising approach for improving the super-filling characteristics of ionic liquid plating baths.</subfield>
  </datafield>
  <datafield tag="650" ind1="1" ind2="0">
   <subfield code="a">Nickel</subfield>
  </datafield>
  <datafield tag="773" ind1="0" ind2="#">
   <subfield code="t">Philippine Journal of Science</subfield>
   <subfield code="g">Vol. 152, no. 2 (Apr. 2023), 591-602</subfield>
  </datafield>
  <datafield tag="942" ind1="#" ind2="#">
   <subfield code="a">Article</subfield>
  </datafield>
  <datafield tag="950" ind1="#" ind2="#">
   <subfield code="a">FI</subfield>
  </datafield>
 </record>
</collection>
